Szczegóły MARC21

AP Microeconomics : 2014-2015 /

003 -Nazwa inst., której nr kontr. jest w polu 001 [,]
    • @
    • Nazwa instytucji, której n kontrolny jest w polu 001
    • NUKAT
005 -DATA I CZAS OSTATNIEJ MODYFIKACJI [,]
    • @
    • pole kontrolne
    • 20241231095907.0
020 -Międzynarod. znormalizowany nr książki - ISBN [ , ]
    • a
    • Numer ISBN
    • 9780071803151 Find
    • q
    • Dopowiedzenie
    • book alone
020 -Międzynarod. znormalizowany nr książki - ISBN [ , ]
    • a
    • Numer ISBN
    • 0071803157 Find
    • q
    • Dopowiedzenie
    • MHID : book alone
020 -Międzynarod. znormalizowany nr książki - ISBN [ , ]
    • a
    • Numer ISBN
    • 9780071803175 Find
    • q
    • Dopowiedzenie
    • of set
020 -Międzynarod. znormalizowany nr książki - ISBN [ , ]
    • a
    • Numer ISBN
    • 9780071803199 Find
020 -Międzynarod. znormalizowany nr książki - ISBN [ , ]
    • a
    • Numer ISBN
    • 0071803173 Find
    • q
    • Dopowiedzenie
    • of set
020 -Międzynarod. znormalizowany nr książki - ISBN [ , ]
    • a
    • Numer ISBN
    • 007180319X Find
    • q
    • Dopowiedzenie
    • MHID
020 -Międzynarod. znormalizowany nr książki - ISBN [ , ]
    • a
    • Numer ISBN
    • 9780071803168 Find
    • q
    • Dopowiedzenie
    • e-book
020 -Międzynarod. znormalizowany nr książki - ISBN [ , ]
    • a
    • Numer ISBN
    • 0071803165 Find
    • q
    • Dopowiedzenie
    • MHID : e-book
020 -Międzynarod. znormalizowany nr książki - ISBN [ , ]
    • a
    • Numer ISBN
    • 9780071803212 Find
    • q
    • Dopowiedzenie
    • Book/CD set
020 -Międzynarod. znormalizowany nr książki - ISBN [ , ]
    • a
    • Numer ISBN
    • 0071803211 Find
    • q
    • Dopowiedzenie
    • MHID : Book/CD set
040 -Instytucja sporządzająca opis [ , ]
    • a
    • Instytucja, która sporządziła opis (NP)
    • SZCZ U/JS
    • c
    • Instytucja, która sporządziła rekord (NP)
    • SZCZ U/JS
    • d
    • Instytucja, która zmodyfikowała rekord (P)
    • SZCZ U/MSZ
942 -Rodzaj dokumentu [ , ]
    • c
    • Rodzaj dokumentu
    • Książka
100 -Hasło główne - nazwa osobowa [1, ]
    • a
    • Nazwa osobowa (NP)
    • Dodge, Eric R.
    • 9
    • KHW
    • 81925
245 -Strefa tytułu i oznaczenia odpowiedzialności [1,0]
    • a
    • Tytuł
    • AP Microeconomics : Find
    • b
    • Ciąg dalszy tytułu (NP)
    • 2014-2015 / Find
    • c
    • Pozostałe elementy strefy tytułu i oznaczenia odpowiedzialności (NP)
    • Eric R. Dodge.
260 -Strefa adresu wydawniczego [ , ]
    • a
    • Miejsce wydania (P)
    • New York [etc.] :
    • b
    • Nazwa wydawcy (P)
    • McGraw-Hill Education,
    • c
    • Data wydania (P)
    • cop. 2013.
300 -Strefa opisu fizycznego [ , ]
    • a
    • Określenie formy książki i/lub objętość (NP)
    • XV, [2], 220 s. :
    • b
    • Oznaczenie ilustracji (NP)
    • il. ;
    • c
    • Format (NP)
    • 28 cm +
    • e
    • Oznaczenie dokumentu towarzyszącego (NP)
    • 1 dysk CD.
336 -Typ zawartości [ , ]
    • a
    • Termin opisujący typ zawartości
    • Tekst
    • b
    • Kod określający zawartość
    • txt
    • 2
    • Źródło (terminu i kodu)
    • rdacontent
337 -Typ mediów [ , ]
    • a
    • Tryb odtwarzania
    • Bez urządzenia pośredniczącego
    • b
    • Kod typu mediów
    • n
    • 2
    • Źródło (terminu i kodu)
    • rdamedia
338 -Typ/rodzaj nośnika [ , ]
    • a
    • Hasło opisujące typ nośnika
    • Wolumin
    • b
    • Kod typu nośnika
    • nc
    • 2
    • Źródło (terminu i kodu)
    • rdacarrier
490 -Strefa serii i książki wielotomowej - forma nie do wyszukiwania [1, ]
    • a
    • Tytuł (P)
    • AP Microeconomics, Find
    • x
    • ISSN (NP)
    • 2168-6955
830 -Hasło dodatkowe serii i opisu książki wielotomowej - tytuł ujednolicony/tytuł [ ,0]
    • a
    • Tytuł ujednolicony/tytuł (NP)
    • AP Microeconomics
    • x
    • ISSN
    • 2168-6955
    • 9
    • KHW
    • 81926
500 -Uwaga ogólna [ , ]
    • a
    • Uwaga ogólna (NP)
    • U góry s. tyt. i okł.: 5 steps to a 5.
500 -Uwaga ogólna [ , ]
    • a
    • Uwaga ogólna (NP)
    • Na s. red. ISSN: 2168-6955 (book alone) i 2168-6947 (Book/CD set).
504 -Uwaga dot. bibliogr. załącznikowej [ , ]
    • a
    • Uwaga dot. bibliografii załącznikowej
    • Bibliogr. s. 209, websites s. 211.
080 -Uniwersalna Klasyfikacja Dziesiętna [ , ]
    • 2
    • Identyfikator wydania tablic
    • UDC-P058
    • 9
    • UKD
    • 2947
    • a
    • Symbol klasyfikacji
    • 330.101.542
    • b
    • Dopowiedzenie
    • Mikroekonomia.
    • 4
    • UKD2
    • 8594
    • x
    • Poddział wspólny
    • (07)
    • c
    • Dopowiedzenie poddz. wspólnego
    • (Wydawnictwa dydaktyczne. Podręczniki).
    • 4
    • UKD2
    • 7644
    • x
    • Poddział wspólny
    • =111
    • c
    • Dopowiedzenie poddz. wspólnego
    • =Język angielski.
980 -Symbol UKD [ , ]
    • a
    • UKD
    • 330.101.542(07)=111
710 -Hasło dodatkowe - nazwa ciała zbiorowego [2, ]
    • a
    • Nazwa ciała zbiorowego lub nazwa geograficzna jako pierwszy element (NP)
    • McGraw-Hill Education.
    • 4
    • Kod relacji
    • pbl
    • 9
    • KHW
    • 68864
920 -ISBN [ , ]
    • a
    • ISBN
    • 978-0-07-180315-1 Find
    • q
    • Dopowiedzenie
    • book alone
920 -ISBN [ , ]
    • a
    • ISBN
    • 0-07-180315-7 Find
    • q
    • Dopowiedzenie
    • MHID : book alone
920 -ISBN [ , ]
    • a
    • ISBN
    • 978-0-07-180317-5 Find
    • q
    • Dopowiedzenie
    • of set
920 -ISBN [ , ]
    • a
    • ISBN
    • 978-0-07180319-9 Find
920 -ISBN [ , ]
    • a
    • ISBN
    • 0-07-180317-3 Find
    • q
    • Dopowiedzenie
    • of set
920 -ISBN [ , ]
    • a
    • ISBN
    • 0-07-180319-X Find
    • q
    • Dopowiedzenie
    • MHID
920 -ISBN [ , ]
    • a
    • ISBN
    • 978-0-07-180316-8 Find
    • q
    • Dopowiedzenie
    • e-book
920 -ISBN [ , ]
    • a
    • ISBN
    • 0-07-180316-5 Find
    • q
    • Dopowiedzenie
    • MHID : e-book
920 -ISBN [ , ]
    • a
    • ISBN
    • 978-0-07180321-2 Find
    • q
    • Dopowiedzenie
    • Book/CD set
920 -ISBN [ , ]
    • a
    • ISBN
    • 0-07-180321-1 Find
    • q
    • Dopowiedzenie
    • MHID : Book/CD set
Sygnatura Numer inwentarzowy Status udost. Lokalizacja Data inwentaryzacji
T.16568T.16568-2T2014-04-28